000 00535nam a2200169Ia 4500
999 _c26658
_d26658
003 OSt
005 20201223125259.0
008 190216s9999||||xx |||||||||||||| ||und||
040 _coclc
082 _a894.8128
_bCHE/A
100 _aChentharassery, T H P
_97816
245 0 _aAmbedkar :
_bThathwachinthakalum Pravarthanangalum /
_cT H P Chentharassery
260 _bPrabhath Book House,
_aThiruvananthapuram:
_c1990.
300 _a151p
650 _aPadanam
942 _cBK
_2ddc
_h894.8128
_iCHE/A
_k894.8128
_mCHE/A